How crowdfunding discourse threatens public arts (Record no. 347664)
[ view plain ]
| 000 -LEADER | |
|---|---|
| fixed length control field | 00431nam a2200133Ia 4500 |
| 008 - FIXED-LENGTH DATA ELEMENTS--GENERAL INFORMATION | |
| fixed length control field | 171207s9999 xx 000 0 und d |
| 100 ## - MAIN ENTRY--PERSONAL NAME | |
| Personal name | Brabham, Daren C. |
| 245 ## - TITLE STATEMENT | |
| Title | How crowdfunding discourse threatens public arts |
| 245 ## - TITLE STATEMENT | |
| Statement of responsibility, etc | Daren C Brabham |
| 260 ## - PUBLICATION, DISTRIBUTION, ETC. (IMPRINT) | |
| Date of publication, distribution, etc | 2017 |
| 300 ## - PHYSICAL DESCRIPTION | |
| Extent | pages 983-999, July 2017 |
| 440 ## - SERIES STATEMENT/ADDED ENTRY--TITLE | |
| Title | New Media & Society |
| Volume number/sequential designation | 19:7 |
| 650 ## - SUBJECT ADDED ENTRY--TOPICAL TERM | |
| Topical term or geographic name as entry element | Arts funding, critical discourse analysis, crowdfunding, public arts |
| Withdrawn status | Lost status | Damaged status | Home library | Current library | Date acquired | Total Checkouts | Date last seen | Price effective from | Koha item type |
|---|---|---|---|---|---|---|---|---|---|
| College Library | College Library | 12/07/2017 | 12/07/2017 | 12/07/2017 | Periodicals |